Rinboku Ikushu Sentā kenkyū hokokū (Registro nro. 16786)
[ vista simple ]
| 000 -CABECERA | |
|---|---|
| Campo de control | 01002cas a2200277 a 4500 |
| 005 - FECHA Y HORA DE LA ULTIMA TRANSACCION | |
| Campo de control | 20170526142904.0 |
| 008 - ELEMENTOS DE LONGITUD FIJA—INFORMACION GENERAL | |
| Campo de control | 981104c19929999ja ar0 f0 0jpn d |
| 022 ## - ISSN | |
| ISSN | 0918-5828 |
| ISSN incorrecto | 0287-5136 |
| 040 ## - FUENTE DE CATALOGACIÓN | |
| Agencia catalogadora original | IdU |
| Agencia transcriptora | NTD |
| Agencia Modificadora | OCL |
| -- | OCLCQ |
| -- | AGL |
| -- | OCLCQ |
| -- | CO-BoIAVH |
| 041 ## - IDIOMA | |
| Código de idioma del sumario o resumen/título o subtítulo sobreimpreso | eng |
| Language code of table of contents | eng |
| Código de idioma para texto/pista de sonido o título separado | Inglés |
| 043 ## - GEOGRAPHIC AREA CODE | |
| Geographic area code | a-ja--- |
| 044 ## - PAÍS DE PUBLICACIÓN | |
| País de publicación | Japón |
| 090 ## - CLASIFICACIÓN LOCAL | |
| Colección | SE |
| 245 00 - MENCION DE TITULO | |
| Título | Rinboku Ikushu Sentā kenkyū hokokū |
| 246 30 - FORMA VARIANTE DEL TITULO | |
| Título propiamente dicho/forma breve del título | Kenkyū hokokū |
| 246 15 - FORMA VARIANTE DEL TITULO | |
| Título propiamente dicho/forma breve del título | Bulletin of the Forest Tree Breeding Center |
| 246 15 - FORMA VARIANTE DEL TITULO | |
| Título propiamente dicho/forma breve del título | Bulletin of the Forest Tree Breeding Institute |
| 260 ## - PUBLICACION, DISTRIBUCION, ETC. (PIE DE IMPRENTA) | |
| Lugar de publicación, distribución, etc. | Ibaraki-ken Taga-gun : |
| Nombre del editor, distribuidor, etc. | Rinboku Ikushu Sentā, |
| Fecha de publicación, distribución, etc. | 1992-. |
| 300 ## - DESCRIPCION FISICA | |
| Otros detalles físicos | ilustraciones ; |
| Dimensiones | 26-30 cm. |
| 310 ## - FRECUENCIA ACTUAL DE LA PUBLICACIÓN | |
| Frecuencia actual de la publicación | Otro |
| 546 ## - NOTA DE IDIOMA | |
| Nota de idioma | Tablas de contenido y resúmenes en inglés. |
| 650 26 - ASIENTO SECUNDARIO DE MATERIA - TERMINO TEMATICO | |
| Término temático o nombre geográfico como elemento de entrada | Recursos forestales |
| Subdivisión general | Genética vegetal |
| Subdivisión geográfica | Japón |
| Subdivisión de forma | Publicaciones periódicas |
| 9 (RLIN) | 81665 |
| 710 2# - ASIENTO SECUNDARIO - NOMBRE CORPORATIVO | |
| Nombre corporativo o de jurisdicción como elemento de entrada | Rinboku Ikushu Sentā (Japón) |
| 9 (RLIN) | 81664 |
| 780 00 - ASIENTO DEL TITULO ANTERIOR | |
| Title | Rinboku Ikushujō kenkyū hokokū |
| International Standard Serial Number | 0287-5136 |
| Record control number | (DLC)sn 86029815 |
| -- | (OCoLC)13763626 |
| 942 ## - ELEMENTOS ADICIONALES (KOHA) | |
| Sistema de clasificación | Local |
| Tipo de ítem | Periodica o revista |
| Withdrawn status | Lost status | Sistema de Clasificación | Damaged status | No para préstamo | Colección | Fecha publicación (Año) | Número revista | Inventariado | Ubicación Permanente | Ubicación actual | Fecha de adquisición | Fuente de adquisición | Datos de publicación Seriada | Total Checkouts | Número topográfico | Inventario / Código de Barras | Date last seen | Ejemplar | Price effective from | Forma de adquisición | Tipo de material |
|---|---|---|---|---|---|---|---|---|---|---|---|---|---|---|---|---|---|---|---|---|---|
| Local | Hemeroteca | 1999 | 16 | Inventariado 2017 | Bogotá | Bogotá | 10/04/2002 | Desconocido | Número 16 (01/03/1999) | SE | 006381 | 25/03/2015 | Ej. 1 | 25/03/2015 | Donación | Periodica o revista | |||||
| Local | Hemeroteca | 2001 | 17 | Inventariado 2017 | Bogotá | Bogotá | 10/04/2002 | Desconocido | Numero 17 (01/01/2000) | SE | 006382 | 25/03/2015 | Ej. 1 | 25/03/2015 | Donación | Periodica o revista |